00000000nem##2200000za#4500
0019.670101
003CaOODSP
00520210615125253
007aj |a|||
008150407|2004||||xxc||||   a##f  |   eng|d
040 |aCaOODSP|beng
041 |aeng
041 |afre
043 |an-cn---
0861 |aM115-2/2004
1101 |aCanada. |bNatural Resources Canada.
24510|aCanada [cartographic material] |h[cartographic material]
255 |aScale 1:6,000 000
260 |aOttawa - Ontario : |bNatural Resources Canada |c2004.
300 |a1 folded sheet. : |bcoloured map ; |c90 cm.
500 |a"The map, North America, MCR 31 (Natural Resources Canada, Ottawa, 2000) served as the main data source. Additional populated places were derived from reports of the 2001 Census of Canada."--Sources.
590 |a08-19|b2008-05-09
69007|aGeographical maps|2gcpds
7760#|tCanada [document cartographique] |w(CaOODSP)9.676830
792 |tCanada [document cartographique] |efre|w(CaOODSP)9.670102